Espejo de escritores: entrevistas con Borges, Cortázar, Fuentes, Goytisolo, Onetti, Puig, Rama, Rulfo, Sánchez, Vargas Llosa

Gardado en:
Detalles Bibliográficos
Formato: Libro
Idioma:Lingua castelá
Publicado: Hannover Del Norte 1985
Edición:1a. ed
Subjects:
Tags: Engadir etiqueta
Sen Etiquetas, Sexa o primeiro en etiquetar este rexistro!

MARC

LEADER 00000nam a2200000 a 4500
001 UCK0606
003 CL-VaPUC
008 041015e19850000us |||||||||||||||||spa|d
020 |a 0910061238 
082 0 4 |a H863.9  |b ESP  |2 21 
245 1 0 |a Espejo de escritores: entrevistas con Borges, Cortázar, Fuentes, Goytisolo, Onetti, Puig, Rama, Rulfo, Sánchez, Vargas Llosa 
250 |a 1a. ed 
300 |a 222 p 
942 |c BK 
945 |d 20041015 00:00:00  |a cmena 
260 |a Hannover  |b Del Norte  |c 1985 
650 0 |a Literatura latinoamericana  |9 309997 
650 0 |a Entrevistas  |9 265537 
650 0 |a Crítica e interpretación literaria  |9 266284 
583 |a last modification  |c 20150504 03:42:06  |k Rodrigo Vera 
999 |c 310974  |d 310972 
952 |0 0  |1 0  |4 0  |6 H_863_900000000000000_ESP_1985  |7 0  |8 A  |9 380076  |a BIBEDU  |b BIBEDU  |d 2019-11-21  |i 4070577  |o H863.9 ESP 1985  |p 4070577  |r 2019-11-21  |w 2019-11-21  |y BK  |k LIT